000 00918nam a2200301Ia 4500
003 OSt
005 20220912150902.0
006 a|||||r|||| 00| 0
007 ta
008 220909b |||||||| |||| 00| 0 eng d
020 _a8181282647 (pbk)
024 _a19075
037 _b335, 13/03/2006, Ashutosh Technical Books
037 _cTextual
040 _aCSL
_beng
_cCSL
041 _aeng
082 _aB43, P2;2
100 _aSaxe Karen
245 0 _aBeginning functional analysis
260 _aNew York
_b Springer-Verlag
_c2002
300 _axi,197p.
_ccm.
490 _aUndergraduate texts in mathematics
500 _aAppendix A-B 181-186p; Bibliographical references 187-191p; Index 193-197p
650 _a Functional analysis
650 _aMathematics
942 _hB43, P2;2
_cTEXL
_2CC
999 _c56870
_d56870